000 01007nam a22003137a 4500
001 BR0102260
003 BR-BrBNA
005 20230928100854.0
007 ta
008 230509b bl.||||| |||| 00| 0 por d
040 _aBR-BrBNA
_bpor
_cBiblioteca Nacional de Agricultura
041 _a(Por)
072 _aQ52; F61
_b0170
_b8952
090 _ 0170 BR0102260
100 1 _aRocha Junior, V.R.
110 1 _aUniversidade Federal de Minas Gerais, Belo Horizonte (Brasil). Escola de Veterinaria
_0Tese (Mestre em Zootecnia)
245 1 _aQualidade das silagens de sete genotipos de sorgo (Sorghum bicolor (L.)Moench)e seus padroes de fermentacao
260 3 _aBelo Horizonte, MG (Brasil):
_c1999.
300 _a132 p.
500 _aSummaries (Eng, Por); Bibliography p. 117-132; 22 tables
650 _aSorgo Granifero
650 _aSilagem
650 _aEnsilagem
650 _aNutricao Vegetal
650 _aColmo
650 _aSilo
909 _a202309
_bLucia
_c55
_dLucia Elande
942 _cBK
999 _c63185
_d63185